Slovakia Social Briefing: Social Development Outlook for 2021
Výhľad sociálneho vývoja na Slovensku pre rok 2021. Zmeny dôchodkov a dávok v tehotenstve. Reforma školstva. Znovuzrodenie kreatívneho priemyslu.
Gespeichert in:
| 1. Verfasser: | |
|---|---|
| Format: | Buchkapitel |
| Sprache: | Englisch |
| Schlagworte: | |
| Tags: |
Keine Tags, Fügen Sie das erste Tag hinzu!
|
MARC
| LEADER | 00000naa a2200000 4500 | ||
|---|---|---|---|
| 001 | 0276608 | ||
| 005 | 20240502083839.0 | ||
| 041 | 0 | |a eng | |
| 044 | |a HU | ||
| 245 | 1 | 0 | |a Slovakia Social Briefing: Social Development Outlook for 2021 |c Kristína Baculáková |
| 520 | |a Výhľad sociálneho vývoja na Slovensku pre rok 2021. Zmeny dôchodkov a dávok v tehotenstve. Reforma školstva. Znovuzrodenie kreatívneho priemyslu. | ||
| 610 | 2 | 0 | |a vývoj sociálny |
| 610 | 2 | 0 | |a priemysel kreatívny |
| 610 | 2 | 0 | |a reformy školské |
| 610 | 2 | 0 | |a dávky dôchodkové |
| 610 | 2 | 0 | |a dávky v materstve |
| 610 | 2 | 0 | |a Slovensko |
| 100 | 1 | |a Baculáková, Kristína, 1988- | |